00361nam a2200097Ia 4500008004100000100002000041245009000061260003900151650001200190856006100202160909s9999 xx 000 0 und d aSaqr, Raneem R. aBlind and Visually Impaired Users Adaptation to Web Environments: A Qualitative Study bUniversity of South Florida.c2016 aTOURISM uhttp://pqdtopen.proquest.com/doc/1808333710.html?FMT=ABS